[Event "BCF-chTa 1920 (4NCL)"]
[Site "Daventry"]
[Date "2020.01.11"]
[Round "3.46"]
[White "Chow, Samuel"]
[Black "Ivell, Nicholas W"]
[Result "1-0"]
[WhiteElo "2317"]
[BlackElo "2177"]
[PlyCount "81"]
[EventDate "2019.11.09"]
[EventType "team-tourn"]
[EventRounds "11"]
[EventCountry "ENG"]
[SourceTitle "CBM 194 Extra"]
[Source "ChessBase"]
[SourceDate "2020.03.31"]
[SourceVersion "1"]
[SourceVersionDate "2020.03.31"]
[SourceQuality "1"]
[WhiteTeam "White Rose"]
[BlackTeam "Spirit of Atticus"]
[WhiteTeamCountry "ENG"]
[BlackTeamCountry "ENG"]

1. d4 d5 2. c4 e6 3. Nf3 c5 4. cxd5 exd5 5. g3 Nc6 6. Bg2 Nf6 7. 0-0 Be7 8. dxc5 Bxc5 9. a3 Ne4 10. Nfd2 f5 11. Nxe4 dxe4 12. Qxd8+ Nxd8 13. Nc3 0-0 14. g4 fxg4 15. Nxe4 Be7 16. b4 Nc6 17. Be3 Bf5 18. Nc5 Bxc5 19. Bxc5 Rfe8 20. Be3 Be4 21. Rfd1 Bxg2 22. Kxg2 Ne5 23. Rac1 Re7 24. Rd5 b6 25. Bg5 Ng6 26. Rc2 Rf7 27. Kg3 Raf8 28. Be3 Nf4 29. Rd4 g5 30. Bxf4 gxf4+ 31. Kxg4 f3 32. e3 Rg7+ 33. Kh3 Re7 34. Kg3 Rg7+ 35. Rg4 Rxg4+ 36. Kxg4 Rf7 37. Rc4 Kg7 38. Rf4 Rc7 39. Kxf3 b5 40. Rf5 a6 41. Rc5 1-0

[Event "BCF-chT2a 1819 (4NCL)"]
[Site "England"]
[Date "2019.03.16"]
[Round "7.14"]
[White "Ivell, Nicholas W"]
[Black "Bak, Andrew"]
[Result "1/2-1/2"]
[WhiteElo "2224"]
[BlackElo "1976"]
[PlyCount "115"]
[EventDate "2018.11.10"]
[EventType "team-tourn"]
[EventRounds "11"]
[EventCountry "ENG"]
[SourceTitle "EXT 2021"]
[Source "ChessBase"]
[SourceDate "2020.10.23"]
[SourceVersion "1"]
[SourceVersionDate "2020.10.23"]
[SourceQuality "1"]
[WhiteTeam "Spirit of Atticus"]
[BlackTeam "Bradford DCA Knights"]
[WhiteTeamCountry "ENG"]
[BlackTeamCountry "ENG"]

1. e4 c6 2. d3 d5 3. Nd2 Nf6 4. Ngf3 Bg4 5. h3 Bxf3 6. Qxf3 Nbd7 7. g3 e5 8. Bg2 a5 9. 0-0 a4 10. exd5 Nxd5 11. Re1 Be7 12. Nc4 0-0 13. Nxe5 Nxe5 14. Rxe5 Bf6 15. Re2 a3 16. c4 Nb4 17. bxa3 Qxd3 18. Bb2 Qxf3 19. Bxf3 Bxb2 20. Rxb2 Rxa3 21. Rxb4 Rxf3 22. a4 Ra8 23. Rxb7 Kf8 24. a5 Ra6 25. c5 Ke8 26. Rb6 Ra7 27. Rxc6 Kd7 28. Rb6 Rf5 29. c6+ Kc7 30. Rb7+ Rxb7 31. cxb7 Kxb7 32. g4 Rf6 33. Kg2 Ka6 34. h4 Rc6 35. Kg3 Rc7 36. Ra3 Rd7 37. f3 Rc7 38. Kf4 Rc4+ 39. Ke5 h5 40. Kf5 Rc5+ 41. Kf4 f6 42. Kg3 Rb5 43. Rd3 Kxa5 44. Rd7 hxg4 45. fxg4 g5 46. h5 Rb3+ 47. Kf2 Rb4 48. Kf3 Rf4+ 49. Kg3 Rf1 50. Rd5+ Kb6 51. Rf5 Rg1+ 52. Kf3 Kc7 53. h6 Rh1 54. h7 Rxh7 55. Rxf6 Kd7 56. Ke4 Ke7 57. Kf5 Rf7 58. Rxf7+ 1/2-1/2

[Event "BCF-chT1a 1718 (4NCL)"]
[Site "England"]
[Date "2018.01.14"]
[Round "4.44"]
[White "Ivell, Nicholas W"]
[Black "Wu, Christopher"]
[Result "0-1"]
[WhiteElo "2220"]
[BlackElo "2336"]
[PlyCount "72"]
[EventDate "2017.11.11"]
[EventType "team-swiss"]
[EventRounds "11"]
[EventCountry "ENG"]
[SourceTitle "EXT 2019"]
[Source "ChessBase"]
[SourceDate "2018.10.10"]
[SourceVersion "1"]
[SourceVersionDate "2018.10.10"]
[SourceQuality "1"]
[WhiteTeam "Spirit of Atticus"]
[BlackTeam "Oxford"]
[WhiteTeamCountry "ENG"]
[BlackTeamCountry "ENG"]

1. e4 c5 2. Nc3 a6 3. a4 Nc6 4. g3 g6 5. Bg2 Bg7 6. d3 d6 7. f4 e5 8. Nh3 Nge7 9. 0-0 Nd4 10. Rf2 0-0 11. f5 gxf5 12. Qh5 f6 13. exf5 Bxf5 14. Rxf5 Ndxf5 15. Bxb7 Ra7 16. Be4 Qe8 17. Qd1 Qf7 18. a5 Kh8 19. Na4 Nd4 20. Nb6 f5 21. Bg2 Ne6 22. Ra4 f4 23. gxf4 exf4 24. Bxf4 Nxf4 25. Rxf4 Qe6 26. Rxf8+ Bxf8 27. Kh1 Ng6 28. Nd5 Bh6 29. Qh5 Qe1+ 30. Ng1 Bg7 31. c3 Rf7 32. Be4 Rf1 33. Qg5 Qh4 34. Qe3 Be5 35. h3 Rf2 36. Bg2 Rxb2 0-1

[Event "BCF-chT1a 1516 (4NCL)"]
[Site "England"]
[Date "2016.01.24"]
[Round "4.132"]
[White "Shaw, John"]
[Black "Ivell, Nicholas W"]
[Result "1-0"]
[WhiteElo "2439"]
[BlackElo "2244"]
[PlyCount "71"]
[EventDate "2015.11.14"]
[EventType "team-tourn"]
[EventRounds "7"]
[EventCountry "ENG"]
[SourceTitle "CBM 170 Extra"]
[Source "ChessBase"]
[SourceDate "2016.02.25"]
[SourceVersion "1"]
[SourceVersionDate "2016.02.25"]
[SourceQuality "1"]
[WhiteTeam "Wood Green"]
[BlackTeam "Spirit of Atticus"]
[WhiteTeamCountry "ENG"]
[BlackTeamCountry "ENG"]

1. e4 c5 2. Nf3 e6 3. b3 Nc6 4. Bb2 a6 5. c4 d6 6. d4 cxd4 7. Nxd4 Bd7 8. Nc3 Nf6 9. Be2 Be7 10. 0-0 0-0 11. Kh1 Qb6 12. Nc2 Qc7 13. f4 Rad8 14. Bd3 Bc8 15. Ne3 Nb4 16. Bb1 b6 17. a3 Nc6 18. Bd3 Bb7 19. Rc1 Qb8 20. Ncd5 exd5 21. cxd5 Na7 22. Nf5 Rfe8 23. Rf3 Bc8 24. Nxe7+ Rxe7 25. Bxf6 gxf6 26. Rg3+ Kf8 27. Qh5 Rc7 28. Re1 Ke7 29. e5 dxe5 30. fxe5 Rxd5 31. exf6+ Kd6 32. Qf3 Be6 33. Bc4 Qd8 34. Bxd5 Bxd5 35. Qxd5+ Kxd5 36. Rd3+ 1-0

[Event "BCF-chT2c 1415 (4NCL)"]
[Site "England"]
[Date "2015.05.04"]
[Round "11.223"]
[White "Ivell, Nicholas W"]
[Black "Cumming, Rhys"]
[Result "1/2-1/2"]
[WhiteElo "2236"]
[BlackElo "2130"]
[PlyCount "62"]
[EventDate "2015.03.29"]
[EventType "team-tourn"]
[EventRounds "11"]
[EventCountry "ENG"]
[SourceTitle "EXT 2016"]
[Source "ChessBase"]
[SourceDate "2015.10.08"]
[SourceVersion "1"]
[SourceVersionDate "2015.10.08"]
[SourceQuality "1"]
[WhiteTeam "Spirit of Atticus"]
[BlackTeam "Sussex Martlets"]
[WhiteTeamCountry "ENG"]
[BlackTeamCountry "ENG"]

1. e4 c5 2. Nc3 Nc6 3. g3 g6 4. Bg2 Bg7 5. f4 d6 6. d3 e5 7. Nh3 exf4 8. Bxf4 Nge7 9. 0-0 0-0 10. Qd2 Rb8 11. Bh6 b5 12. Bxg7 Kxg7 13. a3 a5 14. Nf4 b4 15. axb4 axb4 16. Ncd5 Nxd5 17. Nxd5 Ne7 18. Nxe7 Qxe7 19. c3 bxc3 20. bxc3 Be6 21. d4 Rb3 22. Rfb1 Rfb8 23. Rxb3 Rxb3 24. Re1 cxd4 25. cxd4 Qa7 26. Kh1 Bc4 27. d5 Rd3 28. Qf4 Qd4 29. Rf1 f5 30. Qxd6 Rd1 31. Qe7+ Kg8 1/2-1/2

[Event "BCF-chT2a 1213 (4NCL)"]
[Site "England"]
[Date "2013.02.23"]
[Round "5.21"]
[White "Ivell, Nicholas W"]
[Black "Merry, Alan B"]
[Result "1-0"]
[WhiteElo "2320"]
[BlackElo "2251"]
[PlyCount "67"]
[EventDate "2012.11.03"]
[EventType "team-tourn"]
[EventRounds "7"]
[EventCountry "ENG"]
[SourceTitle "EXT 2014"]
[Source "ChessBase"]
[SourceDate "2013.11.20"]
[SourceVersion "1"]
[SourceVersionDate "2013.11.20"]
[SourceQuality "1"]
[WhiteTeam "Spirit of Atticus"]
[BlackTeam "Anglian Avengers"]
[WhiteTeamCountry "ENG"]
[BlackTeamCountry "ENG"]

1. e4 e6 2. d4 d5 3. e5 c5 4. c3 Qb6 5. Nf3 Bd7 6. Be2 Bb5 7. c4 Bxc4 8. Bxc4 dxc4 9. d5 Ne7 10. dxe6 Qxe6 11. 0-0 h6 12. Nc3 a6 13. Re1 Nd7 14. Ne4 0-0-0 15. Nd6+ Kb8 16. Nxf7 Qxf7 17. e6 Qf5 18. exd7 Rxd7 19. Qa4 Nc6 20. Qxc4 Bd6 21. Be3 g5 22. h3 Rg7 23. Rad1 Rd8 24. Kf1 g4 25. Nh4 Qf6 26. Rxd6 Rxd6 27. Bf4 gxh3 28. Re6 hxg2+ 29. Nxg2 Qf5 30. Rxd6 Ka8 31. Qd3 Qf8 32. Bxh6 Nd4 33. Rxa6+ bxa6 34. Qxa6+ 1-0

[Event "BCF-chT2a 1213 (4NCL)"]
[Site "England"]
[Date "2013.01.13"]
[Round "4.31"]
[White "Taylor, Adam A"]
[Black "Ivell, Nicholas W"]
[Result "1-0"]
[WhiteElo "1917"]
[BlackElo "2320"]
[PlyCount "57"]
[EventDate "2012.11.03"]
[EventType "team-tourn"]
[EventRounds "7"]
[EventCountry "ENG"]
[SourceTitle "EXT 2014"]
[Source "ChessBase"]
[SourceDate "2013.11.20"]
[SourceVersion "1"]
[SourceVersionDate "2013.11.20"]
[SourceQuality "1"]
[WhiteTeam "e2e4.org.uk II"]
[BlackTeam "Spirit of Atticus"]
[WhiteTeamCountry "ENG"]
[BlackTeamCountry "ENG"]

1. Nf3 d5 2. c4 e6 3. g3 c5 4. cxd5 exd5 5. d4 Nf6 6. Bg2 Be7 7. 0-0 0-0 8. Nc3 Nc6 9. Bg5 c4 10. Ne5 Be6 11. Nxc6 bxc6 12. Qa4 Qb6 13. b3 Qxd4 14. Rac1 Qg4 15. Bxf6 Bxf6 16. Bf3 Qg6 17. bxc4 Bg5 18. cxd5 Bxc1 19. dxe6 Bg5 20. exf7+ Kh8 21. Bxc6 Rac8 22. Be8 Be7 23. Qxa7 Bc5 24. Qb7 Rd8 25. Na4 Bd6 26. Qc6 h5 27. Nc5 h4 28. Nb7 hxg3 29. hxg3 1-0

[Event "BCF-chT2a 1213 (4NCL)"]
[Site "England"]
[Date "2013.01.12"]
[Round "3.11"]
[White "Ivell, Nicholas W"]
[Black "Zakarian, David"]
[Result "1/2-1/2"]
[WhiteElo "2320"]
[BlackElo "2374"]
[PlyCount "102"]
[EventDate "2012.11.03"]
[EventType "team-tourn"]
[EventRounds "7"]
[EventCountry "ENG"]
[SourceTitle "EXT 2014"]
[Source "ChessBase"]
[SourceDate "2013.11.20"]
[SourceVersion "1"]
[SourceVersionDate "2013.11.20"]
[SourceQuality "1"]
[WhiteTeam "Spirit of Atticus"]
[BlackTeam "Oxford"]
[WhiteTeamCountry "ENG"]
[BlackTeamCountry "ENG"]

1. e4 c5 2. Nc3 a6 3. g3 b5 4. Bg2 Bb7 5. d3 e6 6. f4 d5 7. e5 h5 8. Nf3 Nh6 9. h3 Nf5 10. Ne2 d4 11. 0-0 Nd7 12. c4 dxc3 13. bxc3 Nb6 14. c4 bxc4 15. dxc4 Qxd1 16. Rxd1 Nxc4 17. Kf2 Be7 18. Nc3 Bc6 19. Rb1 0-0 20. Bf1 Na5 21. Ba3 Rfc8 22. Rb6 c4 23. Bxe7 Nxe7 24. Nd4 Bd5 25. Nc2 Nac6 26. Ne3 a5 27. a3 Rab8 28. Rdb1 Rxb6 29. Rxb6 Nd4 30. g4 hxg4 31. hxg4 g6 32. Bh3 g5 33. fxg5 Kg7 34. Kg3 Ng6 35. Nf5+ exf5 36. gxf5 Nxf5+ 37. Bxf5 Be6 38. Bxe6 fxe6 39. Rb7+ Kf8 40. Kf3 Rd8 41. Ne4 Rd3+ 42. Ke2 Nf4+ 43. Kf2 Rxa3 44. Rc7 Nd3+ 45. Ke2 Nxe5 46. Nc5 Rg3 47. Nxe6+ Kg8 48. Rc5 Ng4 49. Rxc4 Re3+ 50. Kd2 Rxe6 51. Rxg4 Kg7 1/2-1/2

[Event "BCF-chT2b 1112 (4NCL)"]
[Site "England"]
[Date "2012.03.31"]
[Round "7.22"]
[White "Ivell, Nicholas W"]
[Black "Mason, Donald"]
[Result "1/2-1/2"]
[WhiteElo "2335"]
[BlackElo "2227"]
[PlyCount "44"]
[EventDate "2011.11.12"]
[EventType "team-match"]
[EventRounds "7"]
[EventCountry "ENG"]
[SourceTitle "EXT 2013"]
[Source "ChessBase"]
[SourceDate "2012.11.22"]
[SourceVersion "1"]
[SourceVersionDate "2012.11.22"]
[SourceQuality "1"]
[WhiteTeam "Spirit of Atticus"]
[BlackTeam "Warwicks Select"]
[WhiteTeamCountry "ENG"]
[BlackTeamCountry "ENG"]

1. e4 e6 2. d4 d5 3. e5 c5 4. c3 Qb6 5. Nf3 Nc6 6. a3 c4 7. Be2 Bd7 8. 0-0 Na5 9. Nbd2 h6 10. a4 0-0-0 11. b4 cxb3 12. Bb2 Ne7 13. c4 dxc4 14. Nxc4 Nxc4 15. Bxc4 Bc6 16. a5 Qc7 17. a6 b6 18. Qxb3 Qd7 19. Rfc1 Kb8 20. Bf1 Qd5 21. Bc4 Qd7 22. Bf1 Qd5 1/2-1/2

[Event "British CF-72 Championship"]
[Site "Edinburgh"]
[Date "1985.08.08"]
[Round "10"]
[White "Ivell, Nicholas W"]
[Black "Prasad, Devaki V"]
[Result "1/2-1/2"]
[WhiteElo "2350"]
[BlackElo "2395"]
[PlyCount "102"]
[EventDate "1985.07.29"]
[EventType "swiss"]
[EventRounds "11"]
[EventCountry "SCO"]
[SourceTitle "EXT 1999"]
[Source "ChessBase"]
[SourceDate "1998.11.16"]
[SourceVersion "1"]
[SourceVersionDate "1998.11.16"]
[SourceQuality "1"]

1. e4 c5 2. Nc3 Nc6 3. g3 g6 4. Bg2 Bg7 5. f4 d6 6. Nf3 e6 7. 0-0 Nge7 8. d3 0-0 9. Bd2 Rb8 10. Rb1 b5 11. a3 a5 12. a4 b4 13. Nb5 Nd4 14. c4 Nxf3+ 15. Bxf3 Bb7 16. Be3 e5 17. fxe5 Bxe5 18. d4 cxd4 19. Nxd4 Nc6 20. Nb5 Qe7 21. Qd2 Ba6 22. Rbd1 Bxb5 23. cxb5 Nd8 24. Rf2 Ne6 25. Rdf1 Nc5 26. Qc2 Kg7 27. Be2 f6 28. Bc4 h5 29. Bd5 Rbc8 30. Qd2 Nxa4 31. Bh6+ Kh7 32. Bxf8 Qxf8 33. b3 Nc3 34. b6 Rc5 35. Kh1 Kg7 36. Rf3 Qb8 37. Qf2 Nxd5 38. exd5 f5 39. Rxf5 gxf5 40. Qxf5 Qe8 41. b7 Rb5 42. Qc8 Qg6 43. Rf5 Kh6 44. Qc1+ Kh7 45. Qc7+ Bg7 46. Rf7 Qe4+ 47. Kg1 Qe1+ 48. Kg2 Qe2+ 49. Kh3 Qg4+ 50. Kg2 Qe2+ 51. Kh3 Qg4+ 1/2-1/2

[Event "British CF-72 Championship"]
[Site "Edinburgh"]
[Date "1985.08.07"]
[Round "9"]
[White "Jackson, Oliver A"]
[Black "Ivell, Nicholas W"]
[Result "0-1"]
[WhiteElo "2230"]
[BlackElo "2350"]
[PlyCount "86"]
[EventDate "1985.07.29"]
[EventType "swiss"]
[EventRounds "11"]
[EventCountry "SCO"]
[SourceTitle "EXT 1999"]
[Source "ChessBase"]
[SourceDate "1998.11.16"]
[SourceVersion "1"]
[SourceVersionDate "1998.11.16"]
[SourceQuality "1"]

1. e4 c5 2. Nc3 e6 3. f4 d5 4. Nf3 dxe4 5. Nxe4 Nf6 6. Nxf6+ Qxf6 7. Ne5 a6 8. g3 Nd7 9. Qe2 Bd6 10. Nc4 Bc7 11. Bg2 0-0 12. 0-0 Rb8 13. d3 b5 14. Nd2 Qd4+ 15. Kh1 Nf6 16. Nf3 Qd6 17. b3 Nd5 18. Bb2 f6 19. Rae1 Ba5 20. Nd2 Qd8 21. c4 bxc4 22. dxc4 Ne3 23. Qxe3 Bxd2 24. Qe2 Bxe1 25. Rxe1 Qa5 26. Be4 Qxa2 27. Bc2 Qa5 28. Ra1 Qc7 29. h4 Bb7+ 30. Kh2 Qc6 31. h5 e5 32. h6 g6 33. Rg1 Rbe8 34. f5 g5 35. Bc1 Rd8 36. Be3 Rd7 37. Qg4 Rfd8 38. Bxg5 fxg5 39. Qxg5+ Kh8 40. Be4 Qb6 41. Bxb7 Rxb7 42. f6 Rf7 43. Rf1 Qxb3 0-1

[Event "British CF-72 Championship"]
[Site "Edinburgh"]
[Date "1985.08.01"]
[Round "4"]
[White "Ivell, Nicholas W"]
[Black "Bryson, Douglas Marshall"]
[Result "1/2-1/2"]
[WhiteElo "2350"]
[BlackElo "2275"]
[PlyCount "120"]
[EventDate "1985.07.29"]
[EventType "swiss"]
[EventRounds "11"]
[EventCountry "SCO"]
[SourceTitle "EXT 1999"]
[Source "ChessBase"]
[SourceDate "1998.11.16"]
[SourceVersion "1"]
[SourceVersionDate "1998.11.16"]
[SourceQuality "1"]

1. e4 Nf6 2. e5 Nd5 3. d4 d6 4. c4 Nb6 5. exd6 cxd6 6. Nc3 g6 7. Be3 Bg7 8. Bd3 Nc6 9. Nge2 0-0 10. 0-0 Bg4 11. f3 Bf5 12. b3 Bxd3 13. Qxd3 d5 14. c5 Nc8 15. Rab1 e6 16. b4 N8e7 17. b5 Na5 18. Bf2 Nc4 19. Rfd1 Nf5 20. Ng3 Nh4 21. Nf1 Qg5 22. g3 h5 23. f4 Qg4 24. Kh1 Nf5 25. Qe2 Qh3 26. Rd3 Rae8 27. Nd2 Nxd2 28. Qxd2 Ne7 29. Qe2 Qf5 30. Re1 Kh7 31. Kg2 Ng8 32. Qf3 Nh6 33. h3 Rd8 34. Bg1 f6 35. a4 Rfe8 36. Rd2 Bf8 37. Rde2 b6 38. c6 Bb4 39. Rf1 Bd6 40. Nd1 Bc7 41. Rfe1 Kg7 42. Nf2 Kh7 43. Bh2 e5 44. dxe5 fxe5 45. fxe5 Qxf3+ 46. Kxf3 Nf5 47. Kg2 Nd4 48. Rd2 Rxe5 49. Rxe5 Bxe5 50. Nd3 Bd6 51. Bg1 Nf5 52. a5 Bc7 53. axb6 axb6 54. Nb4 d4 55. g4 hxg4 56. hxg4 Nd6 57. Bxd4 Nf7 58. Rf2 Kg8 59. Bf6 Rd6 60. g5 Bd8 1/2-1/2